000 00363pab a2200145 454500
008 180718b1991 xxu||||| |||| 00| 0 eng d
100 _aBhatt, Sanjai
245 _aIndian trade unionism - challenges in coming decades
260 _c1991
300 _a9-11
362 _a6-20 May
650 _aLabour Unions - India
773 _aIndian Worker
909 _a12286
999 _c12286
_d12286